00910 2200241 4500001002100000005001700021008004100038035002400079082001100103090002200114100002100136245017100157260002900328300004000357500016300397500002900560650001800589850001600607980001500623985000600638986000900644999001500653YOGYA-0209000004453720090227030417.0 ind  0010-020900000044537 a331.87 a331.87bHar PlSK aHARSOYO, Yohanes aPersepsi anggota SPSI terhadap sifat, pencapaian tujuan, dan pemihakan SPSIbstudi kasus unit kerja SPSI "Monumen Yogya Kembali" Yogyakarta 1994coleh Yohanes Harsoyo aYogyakartab[s.n.]c1994 axiii, 103, [12] lembarbilusc30 cm aSkripsi Program Studi Pendidikan Dunia Usaha jurusan Pendidikan Ilmu Penegtahuan Sosial Fak. Keguruan dan Ilmu Pendidikan Universitas Sanata Dharma Yogyakarta aBibliografi : lembar 103 aSerikat buruh aYOPDYOG [B] a02-01-2008 a1 aRuni a07A0026947